| 000 | 00429nam a2200169Ia 4500 | ||
|---|---|---|---|
| 003 | GCL | ||
| 008 | 140319s9999 xx 000 0 eng d | ||
| 040 |
_aGCL / _cGCL |
||
| 082 | 0 | 4 |
_a940 _bM H |
| 100 | 1 | _aMAHAJAN, V.D | |
| 245 | 1 | 0 |
_aHISTORY OF MODERN EUROPE SINCE 1789 / _cMAHAJAN, V.D |
| 260 |
_a[S.N] : _bCHAND AND COMPANY ، _c1995 |
||
| 300 | _a957 | ||
| 650 | 0 | 4 | _aEUROPE |
| 650 | 0 | 4 | _aEUROPE - HISTORY |
| 942 |
_2ddc _cBK |
||
| 999 |
_c10915 _d10915 |
||